Digital design (Record no. 36270)
[ view plain ]
| 000 -LEADER | |
|---|---|
| fixed length control field | 00399nam a22001697a 4500 |
| 003 - CONTROL NUMBER IDENTIFIER | |
| control field | OSt |
| 005 - DATE AND TIME OF LATEST TRANSACTION | |
| control field | 20251027113935.0 |
| 007 - PHYSICAL DESCRIPTION FIXED FIELD--GENERAL INFORMATION | |
| fixed length control field | 830 pages |
| 008 - FIXED-LENGTH DATA ELEMENTS--GENERAL INFORMATION | |
| fixed length control field | 251027b |||||||| |||| 00| 0 eng d |
| 020 ## - INTERNATIONAL STANDARD BOOK NUMBER | |
| International Standard Book Number | 9788131713662 |
| 040 ## - CATALOGING SOURCE | |
| Transcribing agency | |
| 082 ## - DEWEY DECIMAL CLASSIFICATION NUMBER | |
| Edition number | 4 |
| Classification number | 621.3815 |
| Item number | WAK |
| 245 ## - TITLE STATEMENT | |
| Title | Digital design |
| Statement of responsibility, etc. | Wakerly,John F |
| 250 ## - EDITION STATEMENT | |
| Edition statement | 4 |
| 260 ## - PUBLICATION, DISTRIBUTION, ETC. | |
| Name of publisher, distributor, etc. | Pearson |
| Date of publication, distribution, etc. | Pearson |
| 942 ## - ADDED ENTRY ELEMENTS (KOHA) | |
| Source of classification or shelving scheme | Dewey Decimal Classification |
| Koha item type | BOOK |
| Edition | 4 |
| Call number prefix | 621.3815 |
| Call number suffix | WAK |
| Suppress in OPAC | No |
| Withdrawn status | Lost status | Source of classification or shelving scheme | Damaged status | Not for loan | Collection | Home library | Current library | Date acquired | Cost, normal purchase price | Inventory number | Total Checkouts | Full call number | Barcode | Date last seen | Date last checked out | Price effective from | Koha item type | Total Renewals |
|---|---|---|---|---|---|---|---|---|---|---|---|---|---|---|---|---|---|---|
| Dewey Decimal Classification | Electronics and Computer Science(ECS) | Fr. Agnel's C.Rodrigues College of Engineering | Fr. Agnel's C.Rodrigues College of Engineering | 27/10/2025 | 1130.00 | AO/25/09/434 dt 19.09.2025 | 1 | 621.3815/WAK | 26949 | 21/04/2026 | 16/01/2026 | 27/10/2025 | BOOK | |||||
| Dewey Decimal Classification | Electronics and Computer Science(ECS) | Fr. Agnel's C.Rodrigues College of Engineering | Fr. Agnel's C.Rodrigues College of Engineering | 27/10/2025 | 1130.00 | AO/25/09/434 dt 19.09.2025 | 621.3815/WAK | 26950 | 13/05/2026 | 27/10/2025 | BOOK | |||||||
| Dewey Decimal Classification | Electronics and Computer Science(ECS) | Fr. Agnel's C.Rodrigues College of Engineering | Fr. Agnel's C.Rodrigues College of Engineering | 27/10/2025 | 1130.00 | AO/25/09/434 dt 19.09.2025 | 621.3815/WAK | 26951 | 27/10/2025 | 27/10/2025 | BOOK | |||||||
| Dewey Decimal Classification | Electronics and Computer Science(ECS) | Fr. Agnel's C.Rodrigues College of Engineering | Fr. Agnel's C.Rodrigues College of Engineering | 27/10/2025 | 1130.00 | AO/25/09/434 dt 19.09.2025 | 1 | 621.3815/WAK | 26952 | 13/05/2026 | 04/03/2026 | 27/10/2025 | BOOK | 1 | ||||
| Dewey Decimal Classification | Electronics and Computer Science(ECS) | Fr. Agnel's C.Rodrigues College of Engineering | Fr. Agnel's C.Rodrigues College of Engineering | 27/10/2025 | 1130.00 | AO/25/09/434 dt 19.09.2025 | 621.3815/WAK | 26953 | 27/10/2025 | 27/10/2025 | BOOK |